[Event "3. President's Cup Chess Festival Open"]
[Site "Baku AZE"]
[Date "2008.05.19"]
[Round "8.14"]
[White "Dzhumaev, Marat"]
[Black "Dovliatov, Sanan"]
[Result "1-0"]
[WhiteElo "2557"]
[BlackElo "2438"]
[PlyCount "97"]
[EventDate "2008.05.12"]
[EventType "swiss"]
[EventRounds "9"]
[EventCountry "AZE"]
[Source "lmi"]
[SourceDate "2008.05.12"]

1. e4 e5 2. Nf3 Nc6 3. Bb5 f5 4. Nc3 fxe4 5. Nxe4 d5 6. Ng3 Bg4 7. O-O Qf6 8.
Re1 O-O-O 9. Bxc6 bxc6 10. d3 h6 11. h3 Bxf3 12. Qxf3 Qxf3 13. gxf3 Bd6 14. Nf5
Rf8 15. Nxd6+ cxd6 16. f4 exf4 17. Bd2 Kd7 18. Re2 Ne7 19. Rae1 Nf5 20. Bxf4
Rf7 21. Re6 Nd4 22. Rxd6+ Kc8 23. Be3 Nf3+ 24. Kf1 Kc7 25. Rg6 d4 26. Bf4+ Rxf4
27. Re7+ Kb6 28. Rgxg7 a5 29. a3 a4 30. b4 axb3 31. cxb3 Rb8 32. b4 Nd2+ 33.
Kg2 Rf3 34. a4 Rxd3 35. Re6 Rc3 36. Rxh6 Nb3 37. Rd6 Ra8 38. Rdd7 Rb8 39. h4
Rc4 40. h5 Rxb4 41. h6 Rxa4 42. h7 Raa8 43. Rg3 Kc5 44. Rdg7 d3 45. Rg8 d2 46.
h8=Q Rxg8 47. Qc3+ Kd6 48. Qxb3 Rad8 49. Rxg8 1-0

[Event "3. President's Cup Chess Festival Open"]
[Site "Baku AZE"]
[Date "2008.05.19"]
[Round "8.17"]
[White "Rasulov, Vugar"]
[Black "Fedorov, Alexei"]
[Result "1-0"]
[WhiteElo "2387"]
[BlackElo "2603"]
[PlyCount "119"]
[EventDate "2008.05.12"]
[EventType "swiss"]
[EventRounds "9"]
[EventCountry "AZE"]
[Source "lmi"]
[SourceDate "2008.05.12"]

1. e4 c5 2. Nf3 Nc6 3. d4 cxd4 4. Nxd4 e5 5. Nb5 d6 6. c4 Be7 7. N1c3 a6 8. Na3
Be6 9. Be3 Bg5 10. Nc2 Bxe3 11. Nxe3 Nf6 12. Bd3 O-O 13. O-O Rc8 14. Rc1 Nd4
15. Kh1 b5 16. Ne2 Qb6 17. b3 bxc4 18. bxc4 Nxe2 19. Qxe2 Nd7 20. Nf5 Rfe8 21.
Rb1 Qc6 22. Ne3 Nc5 23. f3 Rb8 24. Bc2 Rb6 25. Rxb6 Qxb6 26. Rb1 Qc7 27. Qd2
Rb8 28. Rb4 Rxb4 29. Qxb4 Nd7 30. Kg1 Qb6 31. Qxb6 Nxb6 32. Bb3 Kf8 33. Kf2 Ke7
34. Ke2 Kd7 35. Kd3 Kc6 36. g3 Kc5 37. Kc3 g6 38. Nc2 a5 39. Ne1 f6 40. a3 Kc6
41. Nd3 Bh3 42. Nf2 Bg2 43. f4 h5 44. h4 Bf1 45. f5 g5 46. Bd1 gxh4 47. gxh4
Nxc4 48. Bxh5 Kd7 49. Bf7 Nxa3 50. h5 Ke7 51. Bd5 Nb5+ 52. Kb2 Nc7 53. h6 Kf8
54. Bb3 Be2 55. Ka3 Na6 56. Nh1 Bf3 57. Ng3 Nc7 58. Be6 d5 59. exd5 Bxd5 60.
Nh5 1-0

[Event "3. President's Cup Chess Festival Open"]
[Site "Baku AZE"]
[Date "2008.05.19"]
[Round "8.19"]
[White "Durarbeyli, Vasif"]
[Black "Gasanov, Eldar"]
[Result "1-0"]
[WhiteElo "2384"]
[BlackElo "2531"]
[PlyCount "105"]
[EventDate "2008.05.12"]
[EventType "swiss"]
[EventRounds "9"]
[EventCountry "AZE"]
[Source "lmi"]
[SourceDate "2008.05.12"]

1. e4 e5 2. Nf3 Nc6 3. Bb5 a6 4. Ba4 Nf6 5. O-O Be7 6. Re1 b5 7. Bb3 d6 8. c3
O-O 9. h3 Rb8 10. d4 exd4 11. cxd4 d5 12. e5 Ne4 13. Nc3 Nxc3 14. bxc3 Bf5 15.
Bc2 Qd7 16. Bg5 Rb6 17. Bxe7 Nxe7 18. a4 b4 19. Bxf5 Qxf5 20. a5 Rb5 21. cxb4
Rxb4 22. e6 fxe6 23. Qe2 Nc6 24. Qxa6 Rc4 25. Re2 h6 26. Rae1 Nxd4 27. Nxd4
Rxd4 28. Qxe6+ Qxe6 29. Rxe6 Ra4 30. Rc6 Ra2 31. f3 Rxa5 32. Rxc7 Rf6 33. Ree7
Rg6 34. g4 Ra2 35. h4 Kh8 36. h5 Rb6 37. Rb7 Rc6 38. Rec7 Re6 39. Kf1 Re8 40.
Rxg7 Rc8 41. Rgc7 Rxc7 42. Rxc7 Kg8 43. Rd7 Rd2 44. Ke1 Rd4 45. Ke2 Kh8 46. Ke3
Rd1 47. Kf4 d4 48. Kf5 Kg8 49. Kg6 Kf8 50. Kxh6 Ke8 51. Rd5 Kf7 52. Kg5 Ke6 53.
Rd8 1-0

[Event "3. President's Cup Chess Festival Open"]
[Site "Baku AZE"]
[Date "2008.05.19"]
[Round "8.20"]
[White "Shanava, Konstantine"]
[Black "Abasov, Nijat Azad"]
[Result "1-0"]
[WhiteElo "2519"]
[BlackElo "2375"]
[PlyCount "105"]
[EventDate "2008.05.12"]
[EventType "swiss"]
[EventRounds "9"]
[EventCountry "AZE"]
[Source "lmi"]
[SourceDate "2008.05.12"]

1. e4 c5 2. Nc3 Nc6 3. f4 e6 4. Nf3 d5 5. Bb5 dxe4 6. Bxc6+ bxc6 7. Nxe4 Nf6 8.
Nxf6+ Qxf6 9. d3 Bd6 10. g3 O-O 11. Qe2 Rb8 12. O-O Ba6 13. c4 Rfe8 14. Qe4 Qe7
15. b3 f6 16. Bb2 Qf7 17. Rf2 Qg6 18. Rd1 Bf8 19. Qxg6 hxg6 20. Nd2 Red8 21.
Ne4 g5 22. fxg5 f5 23. Nc3 Be7 24. Re2 Bxg5 25. Na4 Kf7 26. Nxc5 Bc8 27. Rde1
Be7 28. Nxe6 Rxd3 29. Nxg7 Bc5+ 30. Kg2 f4 31. Rf1 Be3 32. h3 c5 33. Kh2 Bb7
34. Nf5 Kg6 35. g4 Rbd8 36. Nxe3 Rd2 37. Rfe1 fxe3 38. Kg3 Rxe2 39. Rxe2 Rd2
40. Rxe3 Rxb2 41. Re7 Bh1 42. Rxa7 Be4 43. Ra5 Bb1 44. Rxc5 Bxa2 45. Rb5 Kf6
46. h4 Rxb3+ 47. Rxb3 Bxb3 48. c5 Ke5 49. h5 Kd5 50. Kf4 Kxc5 51. Ke5 Kc6 52.
h6 Bc2 53. g5 1-0

[Event "3. President's Cup Chess Festival Open"]
[Site "Baku AZE"]
[Date "2008.05.19"]
[Round "8.24"]
[White "Manik, Mikulas"]
[Black "Hasanov, Shakhriyar"]
[Result "1-0"]
[WhiteElo "2439"]
[BlackElo "2255"]
[PlyCount "79"]
[EventDate "2008.05.12"]
[EventType "swiss"]
[EventRounds "9"]
[EventCountry "AZE"]
[Source "lmi"]
[SourceDate "2008.05.12"]

1. e4 c5 2. Nf3 Nc6 3. d4 cxd4 4. Nxd4 g6 5. c4 Bg7 6. Be3 Nf6 7. Nc3 O-O 8.
Be2 b6 9. O-O Bb7 10. Nc2 e6 11. f4 d5 12. cxd5 exd5 13. e5 Ne4 14. Bf3 Na5 15.
Qe2 Qc8 16. Nb4 Nxc3 17. bxc3 Qxc3 18. Nxd5 Qc4 19. Qxc4 Nxc4 20. Ne7+ Kh8 21.
Bxb7 Nxe3 22. Bxa8 Nxf1 23. Kxf1 Rxa8 24. Rc1 b5 25. Rc7 a5 26. Nc6 Kg8 27. Rb7
b4 28. Rb5 Bf8 29. Rxa5 Rc8 30. Ra6 Rc7 31. Ke2 Rb7 32. Ra7 Rb5 33. Nd8 Bc5 34.
Rxf7 Ra5 35. Rb7 Rxa2+ 36. Kf3 Ra7 37. Rb8 Ra3+ 38. Kg4 Be7 39. Nc6+ Bf8 40. e6
1-0

[Event "3. President's Cup Chess Festival Open"]
[Site "Baku AZE"]
[Date "2008.05.19"]
[Round "8.26"]
[White "Kazimova, Narmin"]
[Black "Babaev, Rashad"]
[Result "0-1"]
[WhiteElo "2072"]
[BlackElo "2482"]
[PlyCount "58"]
[EventDate "2008.05.12"]
[EventType "swiss"]
[EventRounds "9"]
[EventCountry "AZE"]
[Source "lmi"]
[SourceDate "2008.05.12"]

1. e4 c5 2. Nf3 d6 3. Bb5+ Nd7 4. d4 Ngf6 5. Nc3 cxd4 6. Qxd4 e5 7. Qd3 h6 8.
Be3 Be7 9. O-O-O O-O 10. Nh4 Nb6 11. f3 a6 12. Ba4 d5 13. exd5 Nfxd5 14. Nxd5
Nxa4 15. g3 Be6 16. Qe4 Bg5 17. f4 exf4 18. Nxf4 Bd7 19. Qb4 Qc7 20. Rd2 Bc6
21. Rhd1 Rfe8 22. Qa3 Bf6 23. Nd5 Bxd5 24. Qxa4 Be4 25. Qb3 Rac8 26. Bb6 Qc6
27. Kb1 g5 28. Rc1 Re6 29. Bd4 Bxd4 0-1

[Event "3. President's Cup Chess Festival Open"]
[Site "Baku AZE"]
[Date "2008.05.19"]
[Round "8.28"]
[White "Ashwin, Jayaram"]
[Black "Rzayev, Bahruz"]
[Result "0-1"]
[WhiteElo "2446"]
[BlackElo "2225"]
[PlyCount "118"]
[EventDate "2008.05.12"]
[EventType "swiss"]
[EventRounds "9"]
[EventCountry "AZE"]
[Source "lmi"]
[SourceDate "2008.05.12"]

1. e4 e5 2. Nf3 Nc6 3. Bc4 a6 4. c3 d6 5. d4 Qe7 6. O-O Bg4 7. Be3 O-O-O 8.
Nbd2 f5 9. Qa4 f4 10. Bxa6 Nb8 11. Bb5 fxe3 12. fxe3 Bd7 13. d5 g6 14. Nc4 Bxb5
15. Qxb5 Qd7 16. Qa5 Bh6 17. a4 Nf6 18. Nfd2 Rdf8 19. Qa7 Rhg8 20. h3 Nh5 21.
Ra3 Rxf1+ 22. Nxf1 Rf8 23. Rb3 Qf7 24. Qxb7+ Kd8 25. Qxb8+ Kd7 26. Nb6+ cxb6
27. Qb7+ Ke8 28. Qc8+ Ke7 29. Qc7+ Ke8 30. Qxf7+ Rxf7 31. Rxb6 Ra7 32. Rxd6
Rxa4 33. Re6+ Kd7 34. Rxe5 Ra1 35. Kf2 Ra2 36. g4 Rxb2+ 37. Kf3 Bg7 38. Re6 Nf6
39. c4 Rc2 40. Rc6 Ne8 41. Ng3 Nd6 42. c5 Nc4 43. Re6 Ne5+ 44. Rxe5 Bxe5 45.
c6+ Kd6 46. Ne2 g5 47. Kf2 Ra2 48. Kf3 Ra1 49. Kg2 Ra2 50. Kf3 Rc2 51. Kf2 Kc5
52. Kf3 h6 53. Kf2 Kc4 54. Kf3 Kd3 55. Nf4+ gxf4 56. exf4 Bf6 57. e5 Bh4 58. g5
h5 59. e6 Rf2# 0-1

[Event "3. President's Cup Chess Festival Open"]
[Site "Baku AZE"]
[Date "2008.05.19"]
[Round "8.33"]
[White "Pourramezanali, Amirreza"]
[Black "Abdulov, Orkhan"]
[Result "0-1"]
[WhiteElo "2110"]
[BlackElo "2323"]
[PlyCount "40"]
[EventDate "2008.05.12"]
[EventType "swiss"]
[EventRounds "9"]
[EventCountry "AZE"]
[Source "lmi"]
[SourceDate "2008.05.12"]

1. e4 d6 2. d4 g6 3. Nf3 Bg7 4. c3 Nf6 5. Bd3 O-O 6. O-O c5 7. Nbd2 cxd4 8.
cxd4 Nc6 9. b3 e5 10. d5 Nd4 11. Nxd4 exd4 12. Bb2 Re8 13. Re1 Bg4 14. f3 Bc8
15. Bxd4 Nxe4 16. Nxe4 Bxd4+ 17. Kh1 Bxa1 18. Qxa1 Bf5 19. Bb5 Re5 20. Nf2 Qb6
0-1

[Event "3. President's Cup Chess Festival Open"]
[Site "Baku AZE"]
[Date "2008.05.19"]
[Round "8.34"]
[White "Mamedjarova, Zeinab"]
[Black "Khudaverdieva, Afag"]
[Result "1-0"]
[WhiteElo "2322"]
[BlackElo "2104"]
[PlyCount "77"]
[EventDate "2008.05.12"]
[EventType "swiss"]
[EventRounds "9"]
[EventCountry "AZE"]
[Source "lmi"]
[SourceDate "2008.05.12"]

1. d4 Nf6 2. Nf3 d5 3. Bf4 g6 4. e3 Bg7 5. Nbd2 c5 6. c3 O-O 7. Be2 Nbd7 8. h3
b6 9. O-O Bb7 10. a4 Ne4 11. a5 Nxd2 12. Nxd2 e5 13. dxe5 Nxe5 14. Nf3 Qe7 15.
Nxe5 Bxe5 16. Bxe5 Qxe5 17. Bf3 b5 18. a6 Bc6 19. Qb3 Rfd8 20. Rfd1 Rab8 21.
Qa3 Qe7 22. b4 c4 23. Rd4 Rd6 24. Rad1 Rbd8 25. Qa5 Kg7 26. h4 R8d7 27. h5 Rd8
28. Qa2 R6d7 29. Qd2 h6 30. hxg6 fxg6 31. Bg4 Rd6 32. e4 Be8 33. Rxd5 Rxd5 34.
exd5 Rd6 35. Re1 Qf7 36. Qd4+ Kh7 37. Qe5 Rd8 38. Qe7 Rb8 39. Qd6 1-0